Informácia o prácach na kanalizácii a ČOV

Bibliographic Details
Main Author: Lenkeyová, Jana (Author)
Format: Article
Language:Slovak
Subjects:

MARC

LEADER 00000nab a2200000 ar4500
001 vtls010669840
003 SK-MaSNL
005 20260305041529.0
008 150427c2015 xo mr|p|||||||000 b|slo
038 |a RVGKPD 
040 |a RVGKPD  |b slo  |c RVGKPD  |e AACR2 
041 |a slo 
044 |a xo  |c SK 
080 |a 351.777.612  |2 2008 
080 |a 628.31  |2 2008 
100 1 |a Lenkeyová, Jana  |4 aut  |9 58683 
245 1 0 |a Informácia o prácach na kanalizácii a ČOV  |c Jana Lenkeyová 
650 0 7 |a kanalizácia  |2 rvgkpd  |9 29352 
650 0 7 |a čistenie odpadových vôd  |2 rvgkpd  |9 66097 
651 7 |a Gočovo (Slovensko)  |2 rvgkpd  |9 58511 
651 7 |a Rožňava (Slovensko : okres)  |2 rvgkpd  |9 19215 
773 0 |t Dobšinské noviny  |g Roč. XI [IX], č. 62 (2015), s. 5 
852 |a RVGKPD  |b KIS3G 
992 |a RBX 
999 |c 3344037  |d 3345967